ARRUPE JESUIT UNIVERSITY

CORONAVIRUS -STOP THE SPREAD - CLEAN,DISINFECT,COVER
Normal view MARC view

Entry Topical Term

Number of records used in: 1

001 - CONTROL NUMBER

  • control field: 51463

003 - CONTROL NUMBER IDENTIFIER

  • control field: ARRUPE

005 - DATE AND TIME OF LATEST TRANSACTION

  • control field: 20220506090217.0

008 - FIXED-LENGTH DATA ELEMENTS

  • fixed length control field: 220506|| aca||aabn | a|a d

040 ## - CATALOGING SOURCE

  • Original cataloging agency: ARRUPE
  • Transcribing agency: ARRUPE

150 ## - HEADING--TOPICAL TERM

  • Topical term or geographic name as entry element: Military art and science
  • Form subdivision: Early works to 1800
  • Form subdivision: Pictorial works

670 ## - SOURCE DATA FOUND

  • Source citation: Work cat.: (ARRUPE)131368: Hagy, Jessica, author. 51461, The art of war visualized :, 1910

 

Arrupe Library. PO Box MP320 Mt Pleasant, Harare, Zimbabwe
263 242 745411|librarian@aju.ac.zw